Assessment in special education: A practical approach

Salvato in:
Dettagli Bibliografici
Natura: Libro
Lingua:Undetermined
Pubblicazione: Boston Pearson 2006
Soggetti:
Tags: Aggiungi Tag
Nessun Tag, puoi essere il primo ad aggiungerne! !
Thư viện lưu trữ: Trung tâm Học liệu Trường Đại học Cần Thơ
LEADER 00632nam a2200205Ia 4500
001 CTU_117928
008 210402s9999 xx 000 0 und d
020 |c 47.04 
082 |a 371.9 
082 |b P615 
245 0 |a Assessment in special education: 
245 2 |b A practical approach 
260 |a Boston 
260 |b Pearson 
260 |c 2006 
650 |a disability evaluation,educational tests and measurements,special education,children with disabilities 
650 |x education 
650 |z united states,united states,united states 
904 |i Tuyến 
980 |a Trung tâm Học liệu Trường Đại học Cần Thơ